Misi Gempak Selamatkan Sekolah! = (Record no. 203592)

MARC details
000 -LEADER
fixed length control field 01015nam a2200301 i 4500
005 - DATE AND TIME OF LATEST TRANSACTION
control field 20260408171014.0
008 - FIXED-LENGTH DATA ELEMENTS--GENERAL INFORMATION
fixed length control field 260330t20252025my a jr 000 1 may d
020 ## - INTERNATIONAL STANDARD BOOK NUMBER
International Standard Book Number 9786299598305
Terms of availability RM35.00
Qualifying information paperback
040 ## - CATALOGING SOURCE
Original cataloging agency PPAK
Language of cataloging eng
Transcribing agency PPAK
Description conventions rda
041 0# - LANGUAGE CODE
Language code of text/sound track or separate title may
-- eng
082 04 - DEWEY DECIMAL CLASSIFICATION NUMBER
Edition number 23
Classification number 899.2333
090 00 - LOCALLY ASSIGNED LC-TYPE CALL NUMBER (OCLC); LOCAL CALL NUMBER (RLIN)
Classification number (OCLC) (R) ; Classification number, CALL (RLIN) (NR) 899.2333
Feature heading NOR
Feature heading K
100 0# - MAIN ENTRY--PERSONAL NAME
Personal name Noraz,
Relator term author.
245 10 - TITLE STATEMENT
Title Misi Gempak Selamatkan Sekolah! =
Remainder of title Gempak Mission Save the School! /
Statement of responsibility, etc. Oleh/By: Noraz & Syiqin Ali
264 #1 - PRODUCTION, PUBLICATION, DISTRIBUTION, MANUFACTURE, AND COPYRIGHT NOTICE
Place of production, publication, distribution, manufacture Alor Gajah, Melaka :
Name of producer, publisher, distributor, manufacturer Pro Lestari PLT,
Date of production, publication, distribution, manufacture, or copyright notice 2025
Date of production, publication, distribution, manufacture, or copyright notice ©2025
300 ## - PHYSICAL DESCRIPTION
Extent 56 pages :
Other physical details colour illustrations ;
Dimensions 26 cm
336 ## - CONTENT TYPE
Content type term text
Source rdacontent
337 ## - MEDIA TYPE
Media type term unmediated
Source rdamedia
338 ## - CARRIER TYPE
Carrier type term volume
Source rdacarrier
546 ## - LANGUAGE NOTE
Language note Text parallel in Malay and English.
650 10 - SUBJECT ADDED ENTRY--TOPICAL TERM
Topical term or geographic name entry element Children's stories, Malaysian
Topical term or geographic name entry element Children's stories, Malay
Topical term or geographic name entry element Children's stories, English
Topical term or geographic name entry element Didactic fiction, Malay
700 0# - ADDED ENTRY--PERSONAL NAME
Personal name Syiqin Ali,
Relator term author.
942 ## - ADDED ENTRY ELEMENTS (KOHA)
Source of classification or shelving scheme Dewey Decimal Classification
Koha item type Book
Holdings
Withdrawn Not for loan Current library Shelving location Date acquired Total Checkouts Full call number Barcode Date last seen Koha item type
    Perpustakaan Alor Setar Pinjaman Kanak-kanak 12/04/2026   K 899.2333 NOR A01902664 12/04/2026 Book
    Perpustakaan Awam Sungai Petani Pinjaman Kanak-kanak 12/04/2026   K 899.2333 NOR A01902665 12/04/2026 Book
    Perpustakaan Baling Pinjaman Kanak-kanak 12/04/2026   K 899.2333 NOR A01902669 12/04/2026 Book
    Perpustakaan Bandar Baharu Pinjaman Kanak-kanak 12/04/2026   K 899.2333 NOR A01902670 12/04/2026 Book
    Perpustakaan Jitra Pinjaman Kanak-kanak 12/04/2026   K 899.2333 NOR A01902666 12/04/2026 Book
    Perpustakaan Kuala Nerang Pinjaman Kanak-kanak 12/04/2026   K 899.2333 NOR A01902674 12/04/2026 Book
    Perpustakaan Kulim Pinjaman Kanak-kanak 12/04/2026   K 899.2333 NOR A01902668 12/04/2026 Book
    Perpustakaan Langkawi Pinjaman Kanak-kanak 12/04/2026   K 899.2333 NOR A01902667 12/04/2026 Book
    Perpustakaan Merbok Pinjaman Kanak-kanak 12/04/2026   K 899.2333 NOR A01902671 12/04/2026 Book
    Perpustakaan Pendang Pinjaman Kanak-kanak 12/04/2026   K 899.2333 NOR A01902675 12/04/2026 Book
    Perpustakaan Sik Pinjaman Kanak-kanak 12/04/2026   K 899.2333 NOR A01902673 12/04/2026 Book
    Perpustakaan Yan Pinjaman Kanak-kanak 12/04/2026   K 899.2333 NOR A01902672 12/04/2026 Book